Statystyki dla 15 krajów o największej liczbie zgonów Covid19 - 24 września

Kliknij tutaj aby rozwiązać quiz!

Ogólne statystyki

  • Ten quiz został rozwiązany 19 razy
  • Średni wynik to 9 z 20

Statystyki odpowiedzi

kraj% Poprawnych
Stany Zjednoczone
95%
Francja
79%
Brazylia
74%
Rosja
74%
Hiszpania
68%
Włochy
63%
Wielka Brytania
58%
Indie
53%
Argentyna
42%
Republika
Południowej Afryki
42%
Chile
37%
Iran
37%
Meksyk
37%
Belgia
32%
Kolumbia
32%
Szwecja
32%
Peru
21%
Boliwia
16%
Ekwador
16%
Panama
16%

Rozkład punktacji

Percentyl według liczby udzielonych odpowiedzi

Procent ludzi z każdym wynikiem

Twoja historia wyników

Nie rozwiązałeś tego quizu